000 00925nam a2200241Ia 4500
003 OSt
005 20220923221054.0
006 a|||||r|||| 00| 0
007 ta
008 220922b |||||||| |||| 00| 0 hin d
024 _a194,607
037 _cTextual
040 _aARTS
_cARTS
_bhin
041 _2hin
_ahin
082 _aO152,3:g(W94), N3
100 _aतलवार, वीर भारत
245 0 _aराष्ट्रीय नवजागरण और साहित्य कुछ प्रसंग
_b कुछ प्रवृतियॉ
246 _aRāṣhṭrīya navajāgaraṇ aur sāhitya kuchh prasanga: kuchh pravṛutiyaॉ
260 _aदिल्ली
_b हिमाचल पुस्तक भण्डार
_c1993
300 _a215पृ.
_ccm.
942 _hO152,3:g(W94), N3
_cTEXL
_2CC
999 _c346871
_d346871